Giáo trình máy tiện và gia công trên máy tiện Sách dành cho các trường đào tạo hệ THCN
v.v..
Đã lưu trong:
| Tác giả chính: | |
|---|---|
| Định dạng: | Sách |
| Năm xuất bản: |
H.
Giáo dục
2004
|
| Chủ đề: | |
| Tags: |
Thêm thẻ
Không có thẻ, Hãy là người đầu tiên gắn thẻ bản ghi này!
|
| LEADER | 00930nam a2200205 4500 | ||
|---|---|---|---|
| 082 | |a 621.9 |b NG527V | ||
| 100 | |a Nguyễn Viết Tiếp | ||
| 245 | |a Giáo trình máy tiện và gia công trên máy tiện |c Nguyễn Viết Tiếp |b Sách dành cho các trường đào tạo hệ THCN | ||
| 260 | |a H. |b Giáo dục |c 2004 | ||
| 300 | |a 284 tr. |c 24 cm | ||
| 520 | |a v.v.. | ||
| 653 | |a Kỹ thuật | ||
| 653 | |a Kỹ thuật cơ khí | ||
| 653 | |a Gia công kim loại | ||
| 653 | |a Máy tiện | ||
| 653 | |a Giáo trình | ||
| 942 | |2 ddc |c STK0 | ||
| 999 | |c 1690 |d 1690 | ||
| 952 | |0 0 |1 0 |2 ddc |4 0 |6 621_900000000000000_NG527V |7 1 |8 600 |9 27960 |a qbu |b qbu |c D3 |d 2014-12-10 |g 24500 |o 621.9 NG527V |p 2076.c1 |r 0000-00-00 |w 2014-12-10 |y STK0 |0 0 |6 621_900000000000000_NG527V | ||
| 952 | |0 0 |1 0 |2 ddc |4 0 |6 621_900000000000000_NG527V |7 0 |8 600 |9 27961 |a qbu |b qbu |c D3 |d 2014-12-10 |g 24500 |o 621.9 NG527V |p 2076.c2 |r 0000-00-00 |w 2014-12-10 |y STK0 |0 0 |6 621_900000000000000_NG527V | ||